00000000cas 2200000zi 4500
0019.962968
003CaOODSP
00520260525140641
006m     o  d f      
007cr cn ||||||||
008260521d19831984oncmx p o    f0### 0eng|d
022 |y0822-4242
040 |aCaOODSP|beng|erda|cCaOODSP
043 |an-cn---
0861 |aMe21-3E-PDF
24500|aMetric.
264 1|aOttawa, Ontario : |bMetric Commission Canada
310 |aTen times a year
336 |atext|btxt|2rdacontent
337 |acomputer|bc|2rdamedia
338 |aonline resource|bcr|2rdacarrier
3621 |aBegan with June 1983? Ceased with October 1984?
500 |aIssued also in French under title: Métrique.
500 |aDigitized publication from print [produced by Innovation, Science and Economic Development Canada].
588 |aDescription based on: January 1984; title from PDF caption.
588 |aLatest issue consulted: October 1984.
650 0|aMetric system|zCanada|vPeriodicals.
655 7|aPeriodicals|2lcgft
7102 |aMetric Commission Canada, |eissuing body.
77508|tMétrique.|w(CaOODSP)9.962967
78000|tMetric monitor.|w(CaOODSP)9.962954